000
002320000a22000970004500
100
1
_a
Duque, Isabel
245
1
0
_a
Asesino en peligro : La viruela
300
_a
Vol. 13, Núm 13 (1993), Páginas 62
773
0
_t
Cambio 16
942
_c
ANA
999
_c
58476
_d
58476